000 00201 a2200097 4500
001 22667
100 _aTerman, F E
245 _aRadio Engineering
260 _a
_bMc Graw
_c1951
090 _c15317
_d15317
942 _aNUST-CAE
_cM
_c5911
999 _c257740
_d257740